000 00554nam a22001817a 4500
003 0
005 20250107145646.0
008 250107b xxu||||| |||| 00| 0 eng d
020 _a9781984685759
050 _aQD 251.3
_b.T57 2024
110 _a3G E-Learning
245 _aBasics of organic chemistry /
_c3G E-Learning.
260 _aNew York, NY :
_b3G E-Learning LLC,
_c2024.
300 _avii, 183 p. :
_bcol. ill. ;
_c26 cm.
504 _aIncludes bibliographical references and index.
650 _aChemistry, organic
_vTextbooks.
942 _2lcc
_cBK
999 _c366917
_d366917